Közlemények. Roč. 14, 1877

Bibliographic Details
Format: Book
Language:Undetermined
Published: Budapest Akadémia-UTCZA 1877

MARC

LEADER 00000nam a2200000 a 4500
001 vtls001348117
003 SK-MaSNL
005 20260224064732.0
008 180810s1877 xx 0 und
035 |a SNK000301394 
040 |a SNK  |b slo  |c SNK  |e AACR2 
044 |a xx 
245 1 |a Közlemények. Roč. 14, 1877 
260 |a Budapest  |b Akadémia-UTCZA  |c 1877 
958 |a ONDV 
999 |c 892003  |d 893933 
952 |a SNK  |b SNK  |y PREZ  |7 0  |p 17A0162928  |o snkČC 182/14/1877  |0 0  |1 1  |4 0  |d 1998-11-13  |l 0  |r 2005-01-02 00:00:00  |w 2026-02-24